[Event "HCL-B3823"]
[Site "www.playchess.de"]
[Date "2006.01.15"]
[Round "5"]
[White "PhilipKaveny"]
[Black "bob19"]
[WhiteElo "1406"]
[BlackElo "1399"]
[PlyCount "76"]
[Result "0-1"]

1.e4 e5 2.f4 exf4 3.Nf3 Nf6 4.Nc3 Be7 5.d4 d6 
6.Bxf4 Nc6 7.Bb5 Bd7 8.O-O O-O 9.Bxc6 Bxc6 10.d5 
Bd7 11.h3 h6 12.Be3 a6 13.e5 dxe5 14.Nxe5 Be8 
15.Kh1 Bd6 16.Nf3 Bd7 17.Bd4 Nh7 18.Ne4 Be7 19.c4 
Nf6 20.Nxf6+ Bxf6 21.Bxf6 Qxf6 22.Nd4 Qh4 23.Nf5 
Bxf5 24.Rxf5 Qxc4 25.Rc1 Qe4 26.Qf1 g6 27.Rf4 Qxd5 
28.Rxc7 Rad8 29.a3 Qb3 30.Qf2 Rd1+ 31.Kh2 Qd5 
32.Rc2 Qd6 33.g3 Qd5 34.Rf3 Rd8 35.Re2 Rd7 36.Re8+ 
Kg7 37.Qe3 Qd2+ 38.Rf2 Qxe3 0-1

[Event "HCL-B3765"]
[Site "www.playchess.de"]
[Date "2006.01.15"]
[Round "14"]
[White "wshlj3"]
[Black "mib"]
[WhiteElo "1204"]
[BlackElo "863"]
[PlyCount "39"]
[Result "1-0"]

1.e4 e5 2.Nf3 Bd6 3.d4 Qf6 4.Be3 Bb4+ 5.c3 Bd6 
6.Bc4 a6 7.O-O b5 8.Bd5 c6 9.Bb3 Bb7 10.Nbd2 exd4 
11.cxd4 Qd8 12.Ng5 Be7 13.Nxf7 Qc7 14.Nxh8 Nh6 
15.f4 a5 16.Qh5+ Kd8 17.Nf7+ Nxf7 18.Qxf7 d6 
19.Qg8+ Kd7 20.Be6+ 1-0

[Event "HCL-M862"]
[Site "www.playchess.de"]
[Date "2006.01.15"]
[Round "6"]
[White "Tapiwa"]
[Black "ddddale"]
[WhiteElo "1938"]
[BlackElo "1929"]
[PlyCount "75"]
[Result "1-0"]

1.d4 d5 2.c4 Nf6 3.cxd5 Qxd5 4.Nc3 Qa5 5.Bd2 c6 
6.Nf3 Bf5 7.e4 Bg4 8.Nd5 Qd8 9.Nxf6+ exf6 10.Qb3 
Qb6 11.Qxb6 axb6 12.Be2 Bd6 13.O-O O-O 14.Bc4 b5 
15.Bb3 Na6 16.h3 Bxf3 17.gxf3 Rfd8 18.Rfd1 Nc7 
19.Be3 Kf8 20.d5 c5 21.a3 c4 22.Bc2 Na6 23.Bb6 
Rdc8 24.Bd4 b4 25.axb4 Nxb4 26.Ba4 Ke7 27.Rdb1 Be5 
28.Be3 c3 29.bxc3 Rc4 30.Bb5 Rxa1 31.Rxa1 Rxc3 
32.Ra7 Kd8 33.Rxb7 Rc7 34.Rb8+ Rc8 35.Bb6+ Bc7 
36.d6 Bxb6 37.Rxb6 Nc2 38.d7 1-0

[Event "HCL-M857"]
[Site "www.playchess.de"]
[Date "2006.01.15"]
[Round "2"]
[White "suffix"]
[Black "PamperedPawn"]
[WhiteElo "2195"]
[BlackElo "2382"]
[PlyCount "84"]
[Result "0-1"]

1.d4 {Hi from Moscow, Russia!}  d5 {Thank you.  
Hello from USA.}  2.Bf4 Nc6 3.e3 Nf6 4.c3 Bg4 
5.Nf3 e6 6.Be2 Bd6 7.Bg3 O-O 8.Nbd2 Rb8 9.a3 Bf5 
10.Bh4 h6 11.O-O {(offering draw)}  g5 {This is 
not a draw position.}  12.Bg3 {:)}  Bxg3 13.hxg3 
a6 14.Ne1 Qd6 15.Bd3 Ne4 16.Bxe4 Bxe4 17.Kh2 Bf5 
18.Rh1 e5 19.dxe5 Nxe5 20.Kg1 c5 21.Ndf3 Ng4 
22.Qe2 Rfe8 23.Rd1 {Happy New Year !}  Rba8 {Happy 
New Year}  24.Nd3 Kg7 25.b4 b6 26.Qb2 Qc6 27.bxc5 
bxc5 28.c4+ f6 29.Qc1 dxc4 30.Qxc4 Qd7 31.Nb2 Qb5 
32.Qc3 Red8 33.Re1 Rab8 34.Nc4 Rd3 35.Qc1 Qb3 
36.Ncd2 Qxa3 37.Qxa3 Rxa3 38.e4 Bg6 39.e5 Ra2 
40.exf6+ Kxf6 41.Nc4 Re8 42.Rxe8 {Congratulations! 
You win ! Thanks for good game.}  Bxe8 {It has 
been a pleasure.  Yhanks!  Hope we can play again 
sometime.}  0-1

[Event "HCL-E1502"]
[Site "www.playchess.de"]
[Date "2006.01.15"]
[Round "26"]
[White "Andy1"]
[Black "PLAYCHESS1963"]
[WhiteElo "1425"]
[BlackElo "1728"]
[PlyCount "50"]
[Result "0-1"]

1.e4 c5 2.Nf3 d6 3.d4 cxd4 4.Nxd4 Nf6 5.Nc3 a6 
6.Be2 e6 7.O-O Be7 8.h3 Qc7 9.Re1 O-O 10.Bg5 h6 
11.Be3 Nc6 12.Bf3 Ne5 13.Be2 b5 14.a3 Bb7 15.Na2 
Bxe4 16.f3 Bg6 17.Nc1 Nd5 18.Bf2 Rac8 19.c3 Bg5 
20.Nd3 Nc4 21.Ra2 e5 22.Nc2 Nxb2 23.Rxb2 Nxc3 
24.Qa1 Nxe2+ 25.Rxe2 Bxd3 0-1

[Event "HCL-M841"]
[Site "www.playchess.de"]
[Date "2006.01.15"]
[Round "12"]
[White "Hawk2008"]
[Black "Status_Quo"]
[WhiteElo "1939"]
[BlackElo "1803"]
[PlyCount "60"]
[Result "0-1"]

1.e4 {Hello and good luck to you}  Nc6 {And to 
you. 1...Nc6 is unusual but I have played it 
before}  2.Nf3 d6 3.d4 Nf6 4.Nc3 g6 5.h3 Bg7 6.Be3 
a6 7.Be2 b5 8.Nd2 Bb7 9.f4 e5 10.fxe5 dxe5 11.d5 
Nd4 12.Bf3 c6 13.dxc6 Bxc6 14.O-O O-O 15.a3 a5 
16.Nb3 Ne8 17.Nd5 Bxd5 18.exd5 Nxb3 19.cxb3 Nd6 
20.Rc1 e4 21.Be2 Bxb2 {I have been ill with a 
cold.}  22.Bc5 Bxc1 23.Qxc1 Rc8 24.b4 Nb7 25.Rd1 
Qc7 26.Bxb5 Nxc5 27.bxc5 Qxc5+ 28.Qxc5 Rxc5 29.Bc6 
Rd8 30.Bb7 Rc7 0-1

[Event "HCL-C4044"]
[Site "www.playchess.de"]
[Date "2006.01.15"]
[Round "7"]
[White "kolmar"]
[Black "sepp"]
[WhiteElo "1101"]
[BlackElo "800"]
[PlyCount "51"]
[Result "1-0"]

1.d4 d5 2.f4 e6 3.Nf3 Nh6 4.Nc3 Nf5 5.a3 Nc6 6.e3 
Be7 7.Bd3 h5 8.Bxf5 exf5 9.Qe2 Rh6 10.Bd2 Be6 
11.O-O Bh4 12.Be1 g5 13.g3 g4 14.Nxh4 Qf6 15.Nb5 
O-O-O 16.a4 Nb4 17.Nxa7+ Kb8 18.Bxb4 Kxa7 19.a5 
Rd6 20.Bxd6 cxd6 21.a6 Qd8 22.axb7+ Kxb7 23.Qa6+ 
Kb8 24.Qa8+ Kc7 25.Ra7+ Kb6 26.Rb7+ 1-0

[Event "HCL-A2552"]
[Site "www.playchess.de"]
[Date "2006.01.15"]
[Round "6"]
[White "longbow37"]
[Black "Nulnulnix"]
[WhiteElo "1050"]
[BlackElo "1335"]
[PlyCount "47"]
[Result "1-0"]

1.e4 e5 {Hi, enjoy this game}  2.d4 {THANK YOU 
BRUCE}  exd4 3.Qxd4 Nc6 4.Qc4 d6 5.Nf3 Be6 6.Qb5 
Qc8 7.Bd3 a6 8.Qg5 Nf6 9.e5 h6 10.Qg3 Nd5 11.O-O 
Qd7 12.Rd1 Ncb4 13.exd6 cxd6 14.a3 Nxd3 15.Rxd3 b5 
16.b4 Bf5 17.Rxd5 Bxc2 18.Bb2 f6 19.Nc3 O-O-O 
20.Rc1 Bb3 21.Nxb5+ Kb8 22.Rd3 Qxb5 23.Nd4 Qa4 
24.Nc6+ 1-0

[Event "HCL-A2528"]
[Site "www.playchess.de"]
[Date "2006.01.15"]
[Round "1"]
[White "errantknight"]
[Black "guanzi"]
[WhiteElo "1246"]
[BlackElo "1625"]
[PlyCount "144"]
[Result "0-1"]

1.d4 Nf6 2.Bg5 e6 3.a3 Be7 4.Nc3 O-O 5.e3 b6 6.Bf4 
Bb7 7.Nb5 d6 8.Nf3 Nbd7 9.Nc3 Rc8 10.Bd3 Nh5 
11.Bg3 Nxg3 12.hxg3 h6 13.Qe2 c5 14.Ba6 Rc7 
15.Bxb7 Rxb7 16.dxc5 Nxc5 17.b4 Nd7 18.Nd4 Qc8 
19.Ne4 d5 20.Nd2 Bf6 21.Rc1 Qc3 22.Qd3 Rc8 23.O-O 
Bxd4 24.Qxd4 Qxa3 25.Rca1 Qc3 26.Rfc1 Qxd4 27.exd4 
Rc3 28.Nb1 Rc4 29.c3 Rbc7 30.Na3 R4xc3 31.Rxc3 
Rxc3 32.Nb5 Rc4 33.Nxa7 Rxb4 34.Nc8 Rxd4 35.Rb1 
Kf8 36.Nxb6 Nxb6 37.Rxb6 Ke7 38.Rb7+ Kf6 39.f3 
Rd1+ 40.Kh2 d4 41.Rd7 d3 42.g4 d2 43.Kg3 g5 44.Kf2 
e5 45.Ke2 Rg1 46.Rd6+ Ke7 47.Rd3 Rxg2+ 48.Kd1 Rf2 
49.Re3 Ke6 50.Rb3 Kd5 51.Rd3+ Kc4 52.Ra3 Kd4 
53.Ra4+ Ke3 54.Ra3+ Kf4 55.Ra7 Kxf3 56.Rxf7+ Kg3 
57.Re7 Kxg4 58.Rxe5 Kf4 59.Re6 Rh2 60.Rf6+ Ke5 
61.Rf8 h5 62.Re8+ Kf4 63.Rc8 g4 {you now that me 
winning this is inevitable, don't you? Those pawns 
will become a devastating Q.}  64.Rc4+ Kg5 65.Rc5+ 
Kh4 66.Rc4 Kh3 67.Rc3+ g3 68.Rd3 h4 69.Re3 Rf2 
70.Rd3 Kg2 71.Rd4 h3 72.Rh4 h2 0-1

[Event "HCL-E1489"]
[Site "www.playchess.de"]
[Date "2006.01.15"]
[Round "5"]
[White "Wernswig"]
[Black "gambitplayer"]
[WhiteElo "1476"]
[BlackElo "1563"]
[PlyCount "57"]
[Result "1-0"]

1.e4 {hi,have a nice game}  d5 2.exd5 Qxd5 3.Nc3 
Qa5 4.d4 Nf6 5.Bd2 c6 6.Nf3 Bf5 7.Bc4 e6 8.O-O Bb4 
9.a3 Bxc3 10.Bxc3 Qd8 11.Ne5 O-O 12.Bb3 Nbd7 
13.Qf3 Nxe5 14.dxe5 Nd5 15.Rad1 Qg5 16.Rd4 h5 
17.Bd2 Qg6 18.h3 Rfd8 19.Rh4 Bxc2 20.Bxc2 Qxc2 
21.Bg5 g6 22.Bxd8 Rxd8 23.b4 Qb2 24.Qg3 Ne7 
25.Rxh5 Kg7 26.Qg5 Ng8 27.Qxd8 gxh5 28.Qg5+ Kf8 
29.Rd1 1-0

[Event "HCL-E1521"]
[Site "www.playchess.de"]
[Date "2006.01.15"]
[Round "9"]
[White "Matu"]
[Black "ZorMaster"]
[WhiteElo "1532"]
[BlackElo "1752"]
[PlyCount "82"]
[Result "0-1"]

1.Nf3 Nf6 2.b3 d6 3.Bb2 e5 4.g3 Be7 5.Bg2 O-O 
6.O-O Nbd7 7.e3 c6 8.d4 e4 9.Nfd2 d5 10.c4 Nb6 
11.cxd5 Bg4 12.Qe1 cxd5 13.Nc3 Qd7 14.Rc1 Bh3 
15.Ne2 Bxg2 16.Kxg2 Rac8 17.Nf4 Qf5 18.Qe2 Bb4 
19.Nb1 Rfe8 20.Ba3 Bxa3 21.Nxa3 Rxc1 22.Rxc1 g5 
23.Nh3 Nc8 24.Ng1 a6 25.Rc7 Nd6 26.h3 Kg7 27.b4 g4 
28.h4 Nd7 29.b5 Ra8 30.bxa6 Rxa6 31.Nb1 Nf8 32.Nc3 
Ne6 33.Rxb7 Qf3+ {!}  34.Nxf3 exf3+ 35.Kg1 fxe2 
36.Rb1 Ne4 37.Nxe2 Rxa2 38.Nf4 Nxf4 39.gxf4 Nxf2 
40.Rb5 Nh3+ 41.Kf1 g3 0-1

[Event "HCL-A2549"]
[Site "www.playchess.de"]
[Date "2006.01.15"]
[Round "6"]
[White "errantknight"]
[Black "shepherd"]
[WhiteElo "1221"]
[BlackElo "1656"]
[PlyCount "100"]
[Result "0-1"]

1.d4 Nf6 2.Bg5 Ne4 3.Bf4 c5 4.f3 Qa5+ 5.c3 Nf6 
6.dxc5 Qxc5 7.Qd4 e6 8.Qxc5 Bxc5 9.Nd2 Nd5 10.Bg3 
Ne3 11.Rc1 Nc6 12.Ne4 Bb6 13.Nd6+ Ke7 14.Nxc8+ 
Rhxc8 15.Bf2 Nb4 16.g3 Nxa2 17.Rb1 Rc6 18.Bxe3 
Bxe3 19.Bg2 Nc1 20.f4 Rb6 21.Nf3 Nb3 22.Nd4 Nxd4 
23.cxd4 Bxd4 24.b3 Rc8 25.Kd2 Rc3 26.b4 d5 27.Rhf1 
Rc4 28.b5 Rc5 29.e3 Bf6 30.e4 dxe4 31.Bxe4 Rcxb5 
32.Rxb5 Rxb5 33.Rc1 Kd7 34.Rc2 Rb2 35.Kd3 Rxc2 
36.Kxc2 b5 37.Bxh7 g6 38.g4 e5 39.fxe5 Bd8 40.Bg8 
Ke6 41.h3 a5 42.Kb3 Bh4 43.Ka3 Bg3 44.Kb3 Bxe5 
45.h4 Kf6 46.h5 Kg7 47.Bxf7 Kxf7 48.h6 Kf6 49.Ka3 
Kg5 50.h7 Kxg4 0-1

[Event "HCL-C4049"]
[Site "www.playchess.de"]
[Date "2006.01.15"]
[Round "10"]
[White "valpa"]
[Black "tusnelda"]
[WhiteElo "1069"]
[BlackElo "1187"]
[PlyCount "79"]
[Result "1-0"]

1.b4 {Willkommen zur neuen Partie}  Nc6 {Und ein 
frohes Fest}  2.b5 {Danke gleichfalls}  Na5 3.e3 
d5 4.Nf3 Bg4 5.Be2 e6 6.O-O Bd6 7.h3 Bf5 8.Nd4 Bg6 
9.Bb2 c6 10.bxc6 Nxc6 11.Nxc6 bxc6 12.Bxg7 f6 
13.Bxh8 Qc7 14.Bh5 Bxh5 15.Qxh5+ Qf7 16.Qxf7+ Kxf7 
17.d3 Nh6 18.Bxf6 Kxf6 19.Nc3 Nf5 20.Rab1 h5 21.e4 
Nd4 22.exd5 exd5 23.Na4 Nxc2 24.Rb2 Na3 25.Nc3 Be5 
26.Rb3 Nc2 27.f4 Bd4+ 28.Kh2 Ne3 29.Re1 Kf5 30.g3 
Rg8 31.Nd1 Nxd1 32.Rxd1 Bf2 33.d4 h4 34.g4+ Kf6 
35.Rf3 Bg3+ 36.Kh1 Re8 37.f5 Re2 38.g5+ Kxg5 39.f6 
Bd6 40.Rg1+ 1-0

[Event "HCL-E1480"]
[Site "www.playchess.de"]
[Date "2006.01.15"]
[Round "21"]
[White "Andy1"]
[Black "alldrix"]
[WhiteElo "1474"]
[BlackElo "1723"]
[PlyCount "55"]
[Result "0-1"]

1.e4 e6 {hi}  2.e5 d5 3.exd6 cxd6 4.d4 Nf6 5.Nf3 
Be7 6.Bd3 O-O 7.O-O Nc6 8.c4 d5 9.Nc3 dxc4 10.Bxc4 
Nd5 11.Re1 Bb4 12.Bd2 Be7 13.Nxd5 exd5 14.Bb3 Bg4 
15.Bc3 Bf6 16.Re3 Bg5 17.Rd3 Re8 18.h3 Bh5 19.Ba4 
Re4 20.Qf1 Bf6 21.Bxc6 bxc6 22.Nd2 Be2 23.Qe1 Bxd3 
24.Nxe4 Bxe4 25.f3 Bg6 26.b4 Bh4 27.Qe2 Qd7 
28.Re1 0-1

[Event "HCL-B3815"]
[Site "www.playchess.de"]
[Date "2006.01.15"]
[Round "9"]
[White "tusnelda"]
[Black "Felipe_Lungov"]
[WhiteElo "1182"]
[BlackElo "1260"]
[PlyCount "56"]
[Result "0-1"]

1.e4 e6 2.d4 d5 3.Nc3 Bb4 4.Bd2 Bxc3 5.Bxc3 Nf6 
6.Bd3 dxe4 7.Be2 O-O 8.Qd2 Nc6 9.Nh3 h6 10.f3 exf3 
11.Bxf3 Qd6 12.O-O-O Nd5 13.Bxd5 exd5 14.Nf4 Re8 
15.g3 Bf5 16.Rde1 Be4 17.Rhg1 Re7 18.h4 Rae8 19.a3 
Qf6 20.Qf2 Bf5 21.Nxd5 R7xe1+ 22.Rxe1 Rxe1+ 
23.Qxe1 Qd6 24.Nb4 Nxd4 25.b3 a5 26.Kb2 axb4 
27.Bxb4 Qc6 28.Bc3 Nxc2 0-1

[Event "ACL-M075"]
[Site "www.playchess.de"]
[Date "2006.01.15"]
[Round "8"]
[White "Rolly"]
[Black "Apollo"]
[WhiteElo "2080"]
[BlackElo "2126"]
[PlyCount "132"]
[Result "0-1"]

1.e4 c6 2.c4 d5 3.cxd5 cxd5 4.exd5 Nf6 5.Nc3 Nxd5 
6.Nf3 e6 7.Bc4 Nc6 8.O-O Be7 9.d4 O-O 10.Re1 Bf6 
11.Be3 Ncb4 12.Ne4 Be7 13.Bg5 Nb6 14.Bb3 Bd7 
15.Bxe7 Qxe7 16.a3 N4d5 17.Ne5 Rac8 18.Nc5 Bc6 
19.Qd2 Qf6 20.Nxc6 bxc6 21.Bxd5 cxd5 22.b3 Rc7 
23.Rac1 Rfc8 24.Rc3 h6 25.f4 Qd8 26.f5 exf5 27.Rf3 
Nd7 28.b4 Qf6 29.Ref1 g6 30.g4 Nb6 31.Kh1 Kg7 
32.Rh3 f4 33.Rxf4 Nc4 34.Qf2 Qe7 35.Rhf3 Re8 
36.Kg2 Ne3+ 37.Kh3 Kg8 38.Rg3 Nd1 39.Qg1 Qe2 
40.Rf1 h5 41.Rxd1 hxg4+ 42.Rxg4 Kg7 43.Rf1 Rce7 
44.Rf2 R7e3+ 45.Rg3 Qh5+ 46.Kg2 R3e1 47.Qxe1 Rxe1 
48.Nd3 Re2 49.h3 Rxf2+ 50.Nxf2 Qh4 51.Rg4 Qf6 
52.h4 Kh6 53.Nh3 Qa6 54.Rf4 f5 55.Rf3 Qc4 56.Nf4 
Qxd4 57.Rf2 Qe4+ 58.Rf3 Kg7 59.Kf2 Qc2+ 60.Kg3 Qc1 
61.Kf2 Qd2+ 62.Kf1 d4 63.Nd3 Qh2 64.Nf2 Qxh4 
65.Rh3 Qf4 66.Kg2 g5 0-1

[Event "HCL-B3841"]
[Site "www.playchess.de"]
[Date "2006.01.15"]
[Round "1"]
[White "VITAL"]
[Black "PhilipKaveny"]
[WhiteElo "1229"]
[BlackElo "1353"]
[PlyCount "41"]
[Result "1-0"]

1.e4 {hallo}  c5 2.Bc4 g6 {Hello}  3.Nf3 e6 4.d4 
d5 5.Bb5+ Bd7 6.Bxd7+ Nxd7 7.O-O Bg7 8.e5 cxd4 
9.Qxd4 Ne7 10.Bg5 O-O 11.Bf6 Qe8 {Good move}  
12.Ng5 Nf5 13.Qc3 Rc8 14.Qh3 h6 15.Bxg7 Kxg7 
16.Nf3 Qe7 17.c3 Nc5 18.g4 Ne4 19.gxf5 exf5 20.Kh1 
Qxe5 21.Nxe5 1-0

[Event "HCL-A2529"]
[Site "www.playchess.de"]
[Date "2006.01.15"]
[Round "3"]
[White "Matu"]
[Black "carrillero"]
[WhiteElo "1499"]
[BlackElo "1598"]
[PlyCount "86"]
[Result "1/2-1/2"]

1.Nf3 d5 {Hi, good luck}  2.b3 {hi and good luck}  
Bf5 3.Bb2 c5 4.e3 Nc6 5.a3 Nf6 6.d4 e6 7.Nbd2 cxd4 
8.Nxd4 Nxd4 9.Bxd4 a6 10.c4 Rc8 11.b4 dxc4 12.Nxc4 
Be7 13.Bb6 Qxd1+ 14.Rxd1 Rc6 15.Bd4 b5 16.Ne5 Rc2 
17.Bd3 Bxd3 18.Rxd3 O-O 19.O-O Rfc8 20.h3 Ne4 
21.Nf3 f6 22.Ne1 Rd2 23.f3 Rxd3 24.Nxd3 Nd2 25.Rc1 
Rxc1+ 26.Nxc1 Nc4 27.Nb3 Nxa3 28.Nc5 Bxc5 29.Bxc5 
Kf7 30.Kf2 e5 31.Ke2 Ke6 32.Kd3 h5 33.g4 hxg4 
34.hxg4 Nc4 35.f4 g6 36.Bf8 f5 37.gxf5+ Kxf5 
38.fxe5 g5 39.e6 Kxe6 40.Ke4 g4 41.Kf4 g3 42.Kxg3 
Nxe3 43.Kf3 Nc4 {(offering draw)} 
 1/2-1/2

[Event "HCL-B3759"]
[Site "www.playchess.de"]
[Date "2006.01.15"]
[Round "36"]
[White "GCP"]
[Black "GMO"]
[WhiteElo "1459"]
[BlackElo "1364"]
[PlyCount "122"]
[Result "1/2-1/2"]

1.e4 {hello from Rome, good game}  e5 2.Nf3 d6 
{Thanks my friend!}  3.d4 {where are you from, 
exactly ?}  exd4 {BRAZILLLLLLLLLLLLLLLLLLLLLLLLL}  
4.Bc4 {I've seen it  ... but BRAZIL is not so 
small ... :))}  h6 5.Nxd4 Nf6 6.O-O Be7 7.c3 Nxe4 
8.Re1 d5 9.Bb5+ c6 10.Ba4 O-O 11.Bc2 Ng5 12.Nd2 
Bc5 13.N4f3 Nxf3+ 14.Nxf3 Bg4 15.h3 Bxf3 16.Qxf3 
Nd7 17.Qg3 Qf6 18.Be3 Bxe3 19.Rxe3 Rae8 20.Rae1 
Rxe3 21.Qxe3 b6 22.Qe7 Qxe7 23.Rxe7 Nf6 24.Rxa7 
Rb8 25.f3 Nh5 26.Rc7 c5 27.Rd7 Nf4 28.Kf2 Re8 
29.Kg3 Nh5+ 30.Kh2 Nf6 31.Rd6 Re2 32.Rd8+ Re8 
33.Rxe8+ Nxe8 34.Kg3 Nf6 35.Kf2 Kf8 36.Ke3 Ke7 
37.b3 Kd6 38.Bd3 g5 39.a4 Ke5 40.g3 d4+ 41.cxd4+ 
cxd4+ 42.Kf2 Nd7 43.Bc4 f6 44.Ke2 Nc5 45.Kd2 f5 
46.Ke2 h5 47.Kf2 g4 48.hxg4 hxg4 49.Ke2 gxf3+ 
50.Kxf3 Ne4 51.Kg2 Kf6 52.b4 Nd6 53.Bd3 Kg5 54.a5 
bxa5 55.bxa5 Nc8 56.Kf3 Na7 57.Bc4 Nc6 58.Be6 
{(offering draw) well done ... I haven't 
calculated the check in e5}  Nxa5 59.g4 fxg4+ 
60.Bxg4 Kf6 61.Ke4 Nb3 {(offering draw)} 
 1/2-1/2

[Event "HCL-A2506"]
[Site "www.playchess.de"]
[Date "2006.01.15"]
[Round "4"]
[White "ppadala"]
[Black "daddy_4_eyes"]
[WhiteElo "1333"]
[BlackElo "1515"]
[PlyCount "42"]
[Result "0-1"]

1.e4 e5 2.Nc3 Nf6 3.f4 d6 4.Nf3 Bg4 5.h3 Bxf3 
6.Qxf3 Nc6 7.Bb5 Be7 8.d3 exf4 9.Bxf4 O-O 10.Bxc6 
bxc6 11.O-O-O Rb8 12.e5 dxe5 13.Bxe5 Nd5 14.Qg3 f6 
15.Nxd5 fxe5 16.Ne3 Qd4 17.c3 Qb6 18.Nc4 Qf2 
19.Qxe5 Bd6 20.Qe6+ Kh8 21.g4 Rbe8 0-1

[Event "HCL-E1546"]
[Site "www.playchess.de"]
[Date "2006.01.15"]
[Round "3"]
[White "Eishockeytorwart"]
[Black "XANDERKIRV"]
[WhiteElo "1949"]
[BlackElo "1472"]
[PlyCount "29"]
[Result "1-0"]

1.e4 {welcome from germany}  c5 {Hello and good 
luck.}  2.Nf3 e6 3.Nc3 a6 4.Be2 d6 5.d4 cxd4 
6.Qxd4 Nc6 7.Qc4 h6 8.O-O Nf6 9.Rd1 e5 10.Nd5 Nxd5 
11.exd5 Nb8 12.Qa4+ Bd7 13.Qb4 Be7 14.Qxb7 Bb5 
15.Bxb5+ 1-0

[Event "HCL-A2543"]
[Site "www.playchess.de"]
[Date "2006.01.15"]
[Round "28"]
[White "GCP"]
[Black "hal1958"]
[WhiteElo "1451"]
[BlackElo "1483"]
[PlyCount "114"]
[Result "0-1"]

1.e4 {hi again and happy holidays !!!}  e5 {have a 
nice game}  2.Nf3 d6 3.d4 Nf6 4.dxe5 Nxe4 5.exd6 
Nxd6 6.Nc3 Nc6 7.Be3 Be7 8.a3 O-O 9.Bd3 Bg4 10.h3 
Bh5 11.g4 Bg6 12.Bxg6 fxg6 13.Nd4 Nxd4 14.Bxd4 Bf6 
15.Rf1 Qe7+ 16.Qe2 Qxe2+ 17.Nxe2 Bxd4 18.Nxd4 
Rae8+ 19.Kd1 a6 20.c3 c5 21.Nb3 b6 22.Rc1 Rf3 
23.Rc2 Rxh3 24.Re1 Rxe1+ 25.Kxe1 Rf3 26.Ke2 Rf4 
27.f3 g5 28.Nd2 b5 29.b3 g6 30.c4 bxc4 31.Nxc4 
Nxc4 32.Rxc4 Kf7 33.Rxc5 h6 34.Rc7+ Ke8 35.Rc6 Ke7 
36.Rxa6 Rf6 37.Rxf6 Kxf6 38.Kd3 Ke6 39.a4 Kd5 
40.b4 h5 41.gxh5 gxh5 42.a5 Kc6 43.b5+ Kxb5 44.Ke3 
{what a blunder !!!}  h4 45.Kf2 Kxa5 46.Kg2 Kb4 
47.Kf2 Kc4 48.Ke3 Kd5 49.Kf2 Ke5 50.Ke3 Kf5 51.Kf2 
Kf4 52.Kg2 Ke3 53.Kh2 Kxf3 54.Kg1 g4 55.Kf1 h3 
56.Kg1 g3 57.Kh1 g2+ 0-1

[Event "HCL-B3795"]
[Site "www.playchess.de"]
[Date "2006.01.15"]
[Round "5"]
[White "Bense"]
[Black "pirracas"]
[WhiteElo "1043"]
[BlackElo "1800"]
[PlyCount "106"]
[Result "0-1"]

1.e4 c6 {Hi from Xalapa Mexico}  2.Nf3 {Greetings, 
from London. U.K. Hoes life in xalapa?}  d5 {As 
moisty as London but warmer. 19ºC now. How about 
there?}  3.exd5 cxd5 4.g3 Bf5 5.h3 Nd7 6.Bb5 Rc8 
7.Nd4 Bg6 8.Ba4 e6 9.Nc3 Bc5 10.Ncb5 a6 11.Nf3 
axb5 12.Bxb5 Ngf6 13.Bxd7+ Qxd7 14.Ne5 Qb5 15.c3 
Ne4 16.d4 Bd6 17.Nf3 O-O 18.Nd2 Nxg3 19.Rg1 Ne4 
20.Nxe4 Bxe4 21.Qg4 Bg6 22.h4 h5 23.Qg5 Qd3 24.Bd2 
Qf5 25.Qg2 Bf4 26.Rd1 Bxd2+ 27.Rxd2 Qb1+ 28.Ke2 
Qe4+ 29.Qxe4 Bxe4 30.b4 Rxc3 31.a4 Rc2 32.Rxc2 
Bxc2 33.a5 Rc8 34.b5 Ra8 35.Ra1 Bb3 36.a6 bxa6 
37.bxa6 Bc4+ 38.Ke3 Bxa6 39.Kf4 f6 40.f3 Bb7 
41.Rb1 Bc8 42.Ke3 Kf7 43.Rb3 Kg6 44.f4 Kf5 45.Kf3 
g5 46.Re3 Ra1 47.Re5+ fxe5 48.fxe5 Ra3+ 49.Kf2 g4 
50.Kg2 Kf4 51.Kh2 Ra2+ 52.Kg1 Kf3 53.Kf1 
Ra1+ 0-1

[Event "HCL-B3841"]
[Site "www.playchess.de"]
[Date "2006.01.15"]
[Round "3"]
[White "PhilipKaveny"]
[Black "RUDI"]
[WhiteElo "1353"]
[BlackElo "1240"]
[PlyCount "40"]
[Result "1/2-1/2"]

1.e4 e5 {good mornig - being up late?}  2.Bc4 
{About to go to sleep}  Nf6 3.Nf3 Nxe4 4.Bxf7+ 
Kxf7 5.Nxe5+ Kg8 6.Qf3 Nf6 7.O-O Qe7 8.d4 d6 9.Nd3 
Na6 10.Bg5 Qf7 {so that could be your game to get 
even}  11.Nc3 {:)}  c6 12.Rfe1 Bg4 13.Qg3 Bf5 
14.Bxf6 Qxf6 15.Ne4 Bxe4 16.Rxe4 Nc7 17.Rf4 Qg6 
18.Rg4 Qf5 19.Rf4 Qg6 {what a surprise-you go for 
a draw?}  20.Rg4 {I take what I can get}  Qf5 
{(offering draw) I won`t give you more this 
time...}  1/2-1/2

[Event "HCL-A2507"]
[Site "www.playchess.de"]
[Date "2006.01.15"]
[Round "5"]
[White "Dams"]
[Black "Reinbo"]
[WhiteElo "1277"]
[BlackElo "1904"]
[PlyCount "64"]
[Result "0-1"]

1.d4 {Hi, have a good game !}  d5 {Thanks, Have a 
nice game !}  2.Nc3 Bf5 3.Nf3 Nc6 4.Bf4 Nb4 5.Rc1 
a6 6.e3 Nf6 7.a3 Nc6 8.h3 e6 9.Nh4 Bd6 10.Bxd6 
Qxd6 11.Nxf5 exf5 12.Bd3 Ne4 13.Nxe4 fxe4 14.Be2 
O-O 15.c4 dxc4 16.Bxc4 Kh8 17.Qb3 Na5 18.Qc3 Nxc4 
19.Qxc4 c6 20.O-O f5 21.Rfd1 Rad8 22.a4 h6 23.f3 
Qg3 24.Qe2 Rfe8 25.f4 Re7 26.Rc5 Rf7 27.d5 Rfd7 
28.d6 R7xd6 29.Rxd6 Rxd6 30.Rxf5 Rd3 31.Qf2 Rd1+ 
32.Qf1 Qxe3+ 0-1

[Event "HCL-B3781"]
[Site "www.playchess.de"]
[Date "2006.01.15"]
[Round "4"]
[White "ama49"]
[Black "Iron_Flower"]
[WhiteElo "1217"]
[BlackElo "1234"]
[PlyCount "62"]
[Result "0-1"]

1.e4 {Hello again}  e5 {hi, good luck}  2.Nf3 Nf6 
3.Nxe5 d6 4.Nxf7 Kxf7 5.Nc3 Bg4 6.f3 Bh5 7.Be2 Nc6 
8.d4 Be7 9.f4 Bxe2 10.Qxe2 Re8 11.Be3 Kg8 12.O-O-O 
Bf8 13.e5 Nd7 14.a3 dxe5 15.dxe5 Qe7 16.Nd5 Qd8 
17.Qc4 Kh8 18.Nc3 Qc8 19.Rd2 Nb6 20.Bxb6 axb6 
21.Rhd1 Bc5 22.Qf7 Rf8 23.Qc4 Be3 24.Kb1 Bxd2 
25.Rxd2 Na5 26.Qe2 Rxf4 27.e6 Nc4 28.Rd7 Qf8 
29.Rxc7 Nxa3+ 30.Kc1 Rf1+ 31.Nd1 
Qf4+ 0-1

[Event "HCL-B3694"]
[Site "www.playchess.de"]
[Date "2006.01.15"]
[Round "4"]
[White "BOSSMIK"]
[Black "bossjos"]
[WhiteElo "1269"]
[BlackElo "1294"]
[PlyCount "95"]
[Result "1-0"]

1.e4 e5 2.Nf3 Nf6 3.d3 Nc6 4.c4 Bb4+ 5.Nc3 d6 6.a3 
Bxc3+ 7.bxc3 O-O 8.Rb1 Rb8 9.Nd2 Be6 10.Be2 Qd7 
11.Qa4 Rfd8 12.Nf1 Ne7 13.Qxa7 Nc6 14.Qa4 Rba8 
15.Qc2 b6 16.Ne3 Ne7 17.Nd5 Bxd5 18.cxd5 Ng6 
19.O-O h6 20.h3 Nf4 21.Bf3 Nh7 22.d4 Ng5 23.Bg4 
Qe7 24.Qb3 h5 25.Bxf4 exf4 26.Bxh5 Qxe4 27.Rfe1 
Qf5 28.Bg4 Qg6 29.Qc4 Rab8 30.Qxc7 Rdc8 31.Bxc8 
Ra8 32.Qd8+ Kh7 33.Rxb6 Nf3+ 34.Kf1 Nxe1 35.Kxe1 
Qe4+ 36.Kd2 Rxa3 37.Rb2 f3 38.gxf3 Qxf3 39.Qh4+ 
Kg8 40.Qg3 Qxd5 41.Bb7 Qe6 42.Qe3 Qd7 43.Qe4 Qxh3 
44.Qe3 Qd7 45.Qe4 Qd8 46.Bd5 Qg5+ 47.Kd3 Qh5 
48.Rb8+ 1-0

[Event "HCL-E1541"]
[Site "www.playchess.de"]
[Date "2006.01.15"]
[Round "10"]
[White "hakam_kilani"]
[Black "XANDERKIRV"]
[WhiteElo "1738"]
[BlackElo "1499"]
[PlyCount "89"]
[Result "1-0"]

1.e4 c5 2.Nf3 e6 3.d4 cxd4 4.Nxd4 a6 5.Bd3 Bc5 
6.Be3 Ba7 7.O-O Nc6 8.c3 Nf6 9.Nd2 O-O 10.a3 Nxd4 
11.cxd4 d6 12.Rc1 e5 13.Nf3 Re8 14.Re1 b5 15.Bb1 
Bb7 16.Bg5 h6 17.Bxf6 Qxf6 18.dxe5 dxe5 19.Rc7 Qb6 
20.Qd7 Qxf2+ 21.Kh1 Ref8 22.Rxb7 Rad8 23.Qc7 Rd2 
24.Rg1 Be3 25.Qxe5 Qe2 26.Nxd2 Bxg1 27.Kxg1 Qe1+ 
28.Nf1 Qxb1 29.Rb8 Rxb8 30.Qxb8+ Kh7 31.Qe5 f6 
32.Qd4 Kh8 33.e5 fxe5 34.Qxe5 Kh7 35.g4 Qd1 
36.Qe4+ Kh8 37.h4 a5 38.g5 hxg5 39.hxg5 Qd8 40.Qf4 
b4 41.axb4 axb4 42.Ne3 b3 43.g6 Qc8 44.Qh4+ Kg8 
45.Qh7+ 1-0

[Event "HCL-A2557"]
[Site "www.playchess.de"]
[Date "2006.01.15"]
[Round "16"]
[White "scaper"]
[Black "Matu"]
[WhiteElo "1402"]
[BlackElo "1528"]
[PlyCount "27"]
[Result "1-0"]

1.d4 Nf6 2.c4 e6 3.Nc3 d5 4.Nf3 a6 5.cxd5 Nxd5 
6.Nxd5 exd5 7.e3 Bf5 8.Bd3 Bxd3 9.Qxd3 Nd7 10.O-O 
Be7 11.Re1 O-O 12.e4 dxe4 13.Qxe4 c6 
14.Qxe7 1-0

[Event "HCL-B3790"]
[Site "www.playchess.de"]
[Date "2006.01.15"]
[Round "8"]
[White "morten"]
[Black "Phenomium"]
[WhiteElo "1308"]
[BlackElo "1112"]
[PlyCount "65"]
[Result "1-0"]

1.e4 c5 2.Nf3 f6 3.d4 d5 4.Nc3 Be6 5.exd5 Bxd5 
6.Bb5+ Bc6 7.Be3 e5 8.d5 Qb6 9.dxc6 Nxc6 10.O-O a6 
11.Bxc6+ bxc6 12.Na4 Qb4 13.b3 Ne7 14.Bxc5 Qg4 
15.Qe2 Ng6 16.Be3 Bd6 17.h3 Qe6 18.Qc4 Qd7 19.Nb6 
Qf5 20.Qxc6+ Kf7 21.Nxa8 Rd8 22.c4 e4 23.Qb7+ Ne7 
24.Rad1 exf3 25.Qxf3 Qe5 26.g3 Nf5 27.Bf4 Qe6 
28.Bxd6 Nxd6 29.Qh5+ Kg8 30.Nc7 Qf7 31.Qd5 Kh8 
32.Qxf7 Nxf7 33.Rfe1 1-0

[Event "HCL-B3792"]
[Site "www.playchess.de"]
[Date "2006.01.15"]
[Round "1"]
[White "Phenomium"]
[Black "andyhawk"]
[WhiteElo "1112"]
[BlackElo "1500"]
[PlyCount "21"]
[Result "0-1"]

1.e4 e5 2.Nf3 Nc6 3.d4 d6 4.Bb5 Bd7 5.Bc4 Bg4 
6.Bg5 f6 7.Be3 exd4 8.Bxd4 Bxf3 9.Qxf3 Nxd4 10.Qd3 
Nc6 11.Nc3 0-1